University Home | Library Home | Institutional Repository

Tafel der unvollstandigen Gamma-Funktion / (Record no. 147681)

MARC details
000 -LEADER
fixed length control field 01131cam8a220026500 4500
001 - CONTROL NUMBER
control field qce00934841
005 - DATE AND TIME OF LATEST TRANSACTION
control field 20190823101903.0
008 - FIXED-LENGTH DATA ELEMENTS--GENERAL INFORMATION
fixed length control field 741218s1965 gw eng u
035 ## - SYSTEM CONTROL NUMBER
System control number (Sirsi) r12681
035 ## - SYSTEM CONTROL NUMBER
System control number (QCAT)lss00707622
035 ## - SYSTEM CONTROL NUMBER
System control number (UPRA)qce00934841
040 ## - CATALOGING SOURCE
Modifying agency UPRA
050 0# - LIBRARY OF CONGRESS CALL NUMBER
Classification number QA273
Item number .K44
100 1# - MAIN ENTRY--PERSONAL NAME
Personal name Khamis, Salem H.
Linkage A67581.1
245 10 - TITLE STATEMENT
Title Tafel der unvollstandigen Gamma-Funktion /
Statement of responsibility, etc. der x2-Verteilung, der Poisson-Verteilung ; von Salem H. Khamis ; in Zusammenarb. mit W. Rudert.
260 ## - PUBLICATION, DISTRIBUTION, ETC.
Place of publication, distribution, etc. Darmstadt :
Name of publisher, distributor, etc. Liebig,
Date of publication, distribution, etc. 1965.
500 ## - GENERAL NOTE
General note Added t.p. in English: Tables of the incomplete gamma function ratio, the chi-square integral, the Poisson distribution.
500 ## - GENERAL NOTE
General note Prefatory material in English and German.
650 #0 - SUBJECT ADDED ENTRY--TOPICAL TERM
Topical term or geographic name entry element Distribution (Probability theory) -- Tables.
General subdivision Distribution (Probability theory) -- Tables.
Linkage S51350.1
650 #0 - SUBJECT ADDED ENTRY--TOPICAL TERM
Topical term or geographic name entry element Gamma functions.
Linkage S51757.1
700 1# - ADDED ENTRY--PERSONAL NAME
Personal name Rudert, W. (Wilhelm)
Fuller form of name Rudert, W. (Wilhelm)
Linkage A67582.1
740 0# - ADDED ENTRY--UNCONTROLLED RELATED/ANALYTICAL TITLE
Uncontrolled related/analytical title Tables of the incomplete gamma function ratio.
949 ## - LOCAL PROCESSING INFORMATION (OCLC)
a QA273
w lcc
i 33729000256862
m MAIN
p 2500
t BOOK
l ON-SHELF

No items available.

© 2026 - The University of Zambia Library - Koha v25.11